All-India review of minor irrigation works based on state-wide field studies. (Record no. 83283)
[ view plain ]
| 000 -LEADER | |
|---|---|
| fixed length control field | 00754cam a22002411 4500 |
| 001 - CONTROL NUMBER | |
| control field | sa 68010034 |
| 003 - CONTROL NUMBER IDENTIFIER | |
| control field | DLC |
| 005 - DATE AND TIME OF LATEST TRANSACTION | |
| control field | 20260227112549.0 |
| 008 - FIXED-LENGTH DATA ELEMENTS--GENERAL INFORMATION | |
| fixed length control field | 850329s1966 ii ab 000 0 eng |
| 010 ## - LIBRARY OF CONGRESS CONTROL NUMBER | |
| LC control number | sa 68010034 |
| 025 ## - OVERSEAS ACQUISITION NUMBER | |
| Overseas acquisition number | PL480:I-E-7891 |
| 035 ## - SYSTEM CONTROL NUMBER | |
| System control number | (OCoLC)11864034 |
| 040 ## - CATALOGING SOURCE | |
| Original cataloging agency | DLC |
| Transcribing agency | HU |
| Modifying agency | HU |
| -- | DLC |
| 042 ## - AUTHENTICATION CODE | |
| Authentication code | premarc |
| 043 ## - GEOGRAPHIC AREA CODE | |
| Geographic area code | a-ii--- |
| 050 00 - LIBRARY OF CONGRESS CALL NUMBER | |
| Classification number | S616.I4 |
| Item number | A52 |
| 082 ## - DEWEY DECIMAL CLASSIFICATION NUMBER | |
| Classification number | 631.7/0954 |
| 110 1# - MAIN ENTRY--CORPORATE NAME | |
| Corporate name or jurisdiction name as entry element | India. |
| Subordinate unit | Committee on Plan Projects. |
| -- | Minor Irrigation Team. |
| 245 10 - TITLE STATEMENT | |
| Title | All-India review of minor irrigation works based on state-wide field studies. |
| 260 ## - PUBLICATION, DISTRIBUTION, ETC. | |
| Place of publication, distribution, etc. | New Delhi, |
| Name of publisher, distributor, etc. | Committee on Plan Projects, Planning Commission, Irrigation Team, |
| Date of publication, distribution, etc. | 1966. |
| 300 ## - PHYSICAL DESCRIPTION | |
| Extent | ii, 74 p. |
| Other physical details | illus., maps. |
| 650 #0 - SUBJECT ADDED ENTRY--TOPICAL TERM | |
| Topical term or geographic name entry element | Irrigation |
| Geographic subdivision | India. |
No items available.